| 000 | 01071cab a2200205 4500 | ||
|---|---|---|---|
| 001 | ABS44154 | ||
| 008 | 090401t1991 xxu||||| |||| 00| 0 eng d | ||
| 035 | _a(Sirsi) u45566 | ||
| 041 | _aeng | ||
| 100 | _aMorris, G. | ||
| 245 | _aLiability of professional advisers : Caparo and after | ||
| 260 | _c1991 | ||
| 350 | _a0 | ||
| 490 |
_aJournal of Business Law _vJanuary 1991, 36-48(13) |
||
| 520 | _aDiscusses the scope of tortious liability for negligently furnished information and advice following the decision in Caparo Industries plc v Dickman (Abs 42588). This case affirms that the search for a general test of liability in tort should be abandoned. The correct approach is to examine whether a case falls within an existing category where liability has been upheld, with new categories being developed by comparison with established existing catagories rather than by reference to a general test. (Based on journal abstract) | ||
| 650 | _aNEGLIGENCE | ||
| 690 | _aMANAGEMENT-BUSINESS MANAGEMENT-PROFESSIONAL PRACTICE | ||
| 942 | _n0 | ||
| 948 | _c04/03/1997 | ||
| 999 |
_c28871 _d28871 |
||